Talon's Geography Quiz #1 - Statistics

General Stats
  • This quiz has been taken 51 times
  • The average score is 7 of 10
Answer Stats
Hint Answer % Correct
Most populous country bordering Russia China
85%
Most populous island in the Caribbean Hispaniola
81%
Most populous country bordering the above India
81%
State of the above Alaska
72%
Mexican peninsula where the Maya settled Yucatan
72%
Largest mountain in North America Denali
64%
The most populous island Java
64%
Third Largest island Borneo
57%
The second most populous island Honshu
53%
The world's deepest river Congo
30%
No matching quizzes found
Score Distribution
Percent of People with Each Score
Percentile by Number Answered
Your Score History
You have not taken this quiz